TV Theme Songs: Lyrics or No Lyrics Quiz Stats

 Plays Quiz Updated Apr 2, 2018

Challenge
Share
Tweet
Embed
Score 0/30 Timer 03:00
0 Plays Today
TV Show Lyrics? % Correct
Friends???
93.2%
Happy Days???
91.5%
The Brady Bunch???
91.1%
Cheers???
89.5%
Game of Thrones???
88.8%
X-Files???
88.4%
The Muppet Show???
87.7%
Gilligan's Island???
86.7%
The Big Bang Theory???
84.7%
Breaking Bad???
84.5%
Full House???
84.4%
Seinfeld???
83.8%
The Office (U.S. Version)???
82%
Magnum P.I.???
79.3%
Dallas???
77.6%
TV Show Lyrics? % Correct
Supernatural???
72%
Home Improvement???
71.2%
Beverly Hills 90210???
70.5%
Taxi???
68.7%
I Love Lucy???
68%
Dawson's Creek???
67%
Perfect Strangers???
66.4%
Cosby Show???
66.2%
Will & Grace???
65.8%
Gilmore Girls???
64%
Blossom???
62.1%
Sanford and Son???
58.9%
Psych???
42.6%
Firefly???
35.4%
Frasier???
28.4%

You're not logged in!

Compare scores with friends on all Sporcle quizzes.
OR
Log In

You Might Also Like...

Show Comments

Extras

Top Quizzes Today


Score Distribution

Your Account Isn't Verified!

In order to create a playlist on Sporcle, you need to verify the email address you used during registration. Go to your Sporcle Settings to finish the process.

Report this User

Report this user for behavior that violates our Community Guidelines.

Details: